<?xml version="1.0" encoding="UTF-8"?><record xmlns="http://www.loc.gov/MARC21/slim" xmlns:zs="http://docs.oasis-open.org/ns/search-ws/sruResponse">
  <leader>02838cim a2200445 a 4500</leader>
  <controlfield tag="001">5695706</controlfield>
  <controlfield tag="005">20250607223840.7</controlfield>
  <controlfield tag="007">stuomndmannnu</controlfield>
  <controlfield tag="008">930324s1987    dcunnn         p    spa  </controlfield>
  <datafield ind1=" " ind2=" " tag="035">
    <subfield code="a">5695706</subfield>
  </datafield>
  <datafield ind1=" " ind2=" " tag="906">
    <subfield code="a">7</subfield>
    <subfield code="b">cbc</subfield>
    <subfield code="c">orignew</subfield>
    <subfield code="d">2</subfield>
    <subfield code="e">ncip</subfield>
    <subfield code="f">19</subfield>
    <subfield code="g">y-genmusic</subfield>
  </datafield>
  <datafield ind1=" " ind2=" " tag="955">
    <subfield code="a">LCAP batch update 2025-06-02-04:00: LCAPM-1022, LCAPM-893</subfield>
  </datafield>
  <datafield ind1=" " ind2=" " tag="010">
    <subfield code="a">   93842275 </subfield>
  </datafield>
  <datafield ind1="0" ind2=" " tag="033">
    <subfield code="a">19870513</subfield>
    <subfield code="b">3850</subfield>
  </datafield>
  <datafield ind1=" " ind2=" " tag="035">
    <subfield code="9">(DLC)   93842275</subfield>
  </datafield>
  <datafield ind1=" " ind2=" " tag="040">
    <subfield code="a">DLC</subfield>
    <subfield code="c">DLC</subfield>
  </datafield>
  <datafield ind1="0" ind2="0" tag="050">
    <subfield code="a">RWB 4700</subfield>
  </datafield>
  <datafield ind1="1" ind2=" " tag="100">
    <subfield code="a">Berroa, Rei.</subfield>
  </datafield>
  <datafield ind1="1" ind2="0" tag="240">
    <subfield code="a">Poems.</subfield>
    <subfield code="k">Selections</subfield>
  </datafield>
  <datafield ind1="1" ind2="0" tag="245">
    <subfield code="a">Dominican Poet Rei Berroa reads his poetry and plays the guitar</subfield>
    <subfield code="h">[sound recording].</subfield>
  </datafield>
  <datafield ind1=" " ind2=" " tag="260">
    <subfield code="a">1987.</subfield>
  </datafield>
  <datafield ind1=" " ind2=" " tag="300">
    <subfield code="a">1 sound tape reel (ca. 60 min.) :</subfield>
    <subfield code="b">analog, 7 1/2 ips, full track, mono. ;</subfield>
    <subfield code="c">10 in.</subfield>
  </datafield>
  <datafield ind1=" " ind2=" " tag="306">
    <subfield code="a">010000</subfield>
  </datafield>
  <datafield ind1=" " ind2=" " tag="336">
    <subfield code="a">spoken word</subfield>
    <subfield code="b">spw</subfield>
    <subfield code="2">rdacontent</subfield>
  </datafield>
  <datafield ind1=" " ind2=" " tag="337">
    <subfield code="a">audio</subfield>
    <subfield code="b">s</subfield>
    <subfield code="2">rdamedia</subfield>
  </datafield>
  <datafield ind1=" " ind2=" " tag="338">
    <subfield code="a">audiotape reel</subfield>
    <subfield code="b">st</subfield>
    <subfield code="2">rdacarrier</subfield>
  </datafield>
  <datafield ind1=" " ind2=" " tag="500">
    <subfield code="a">Recorded for the Archive of Hispanic Literature on Tape.</subfield>
  </datafield>
  <datafield ind1="0" ind2=" " tag="505">
    <subfield code="a">From El oficio del poeta: poetica: El pensamiento poético (excerpt) (min. 00:48); Filación: La poesía, el hombre (excerpt) (min. 13:20) -- From En el reino de la ausencia: Balada de la luna (min. 21:08); Después de todo (min. 21:50); Ritornello con arugas (min. 23:09); Cada día es de tarde (min. 24:17); Las cinchas (min. 26:20) -- From Retazos para un traje de tierra: Los atuendos (min. 28:00); Ni cantos (min. 29:28); Ies (min. 30:35); Su poema (min. 32:00); Sucesos (min. 32:35) -- From Los otros: Canción para no cantar (min. 33:40); El puente (min. 36:08); Si alguien canta (min. 37:00); El viejo (min. 38:17); Los negros, el sudor, la alegria (min. 39:28); El hombre de las aceras (min. 41:12); Lamentaciones de Abelardo (min. 42:48); Las mandíbulas del tiempo (min. 43:57); El amigo que amanece (min. 47:05) -- From Libro de los fragmentos: Portico para el lector (min. 49:13); IX (min. 50:30); I (min. 51:00).</subfield>
  </datafield>
  <datafield ind1=" " ind2=" " tag="518">
    <subfield code="a">Recorded May 13, 1987, in the Library of Congress Recording Laboratory, studio B, Washington, D.C.</subfield>
  </datafield>
  <datafield ind1=" " ind2=" " tag="520">
    <subfield code="a">Dominican Republican poet Rei Berroa accompanies himself on the guitar as he recites and sings his poems in Spanish.</subfield>
  </datafield>
  <datafield ind1=" " ind2=" " tag="530">
    <subfield code="a">Also available in digital form on the Library of Congress Web site.</subfield>
  </datafield>
  <datafield ind1=" " ind2="0" tag="651">
    <subfield code="a">Dominican Republic</subfield>
    <subfield code="v">Poetry</subfield>
  </datafield>
  <datafield ind1=" " ind2="7" tag="655">
    <subfield code="a">Poetry.</subfield>
    <subfield code="2">lcgft</subfield>
    <subfield code="0">https://id.loc.gov/authorities/genreForms/gf2014026481</subfield>
  </datafield>
  <datafield ind1="2" ind2=" " tag="710">
    <subfield code="a">PALABRA Archive (Library of Congress)</subfield>
  </datafield>
  <datafield ind1="4" ind2="1" tag="856">
    <subfield code="d">gdcahlot</subfield>
    <subfield code="f">1624169</subfield>
    <subfield code="u">http://hdl.loc.gov/loc.mbrsrs/ahlot.93842275</subfield>
  </datafield>
  <datafield ind1="4" ind2="2" tag="856">
    <subfield code="u">https://lccn.loc.gov/bi90006939</subfield>
    <subfield code="z">Read more about "Los otros" in the Handbook of Latin American Studies (HLAS).</subfield>
  </datafield>
  <datafield ind1="4" ind2="2" tag="856">
    <subfield code="u">https://lccn.loc.gov/bi2010001665</subfield>
    <subfield code="z">Read more about "Libro de los fragmentos y otros poemas" in HLAS.</subfield>
  </datafield>
  <datafield ind1=" " ind2=" " tag="953">
    <subfield code="a">TA28</subfield>
  </datafield>
  <datafield ind1=" " ind2=" " tag="985">
    <subfield code="a">palabra</subfield>
  </datafield>
  <datafield ind1=" " ind2=" " tag="991">
    <subfield code="b">c-RecSound</subfield>
    <subfield code="h">RWB 4700</subfield>
    <subfield code="w">MUSIC</subfield>
  </datafield>
</record>
